00447 a2200133 450000500170000002000200001708200190003710000180005624500500007425000120012426000520013630000410018885600840022920250621113537.0 a978-0-0-2523621 aLM 621.381 NEA aNEAMEN, D. A. aMicroelectronics: Circuit Analysis and Design a3rd Ed. aNew York,bMcGraw-Hill Higher Education,c2007. axxi, 1370p.: figures,bIndex,c26cm. yAccess Online BookfMicroelectronics: Circuit Analysis and Designdwww.mhhe.com